| 000 | 00442nam a22001577a 4500 | ||
|---|---|---|---|
| 020 | _a9788131700983 | ||
| 040 | _cNUST | ||
| 082 | _a621.3815 CHE | ||
| 100 |
_aCheruku, Dharma Raj _983367 |
||
| 110 |
_aKrishna, Battula Tirumala _9112379 |
||
| 245 | _aElectronic Devices and Circuits | ||
| 250 | _a2nd Edition | ||
| 260 |
_aNew Delhi: _bPearson Education, _c2008. |
||
| 650 |
_aElectronic Devices and Circuits _956104 |
||
| 942 |
_2ddc _cBK |
||
| 999 |
_c594736 _d594736 |
||